A western approach to Zen : an enquiry.
The major part of this work has been compiled from notes of a course carried out in the Zen Class of the Buddhist Society. The course was first held from september 1969 to March 1970, and then, more fully and based upon a written syllabus, from septmber 1970 to March 1971,...
Đã lưu trong:
| Príomhúdar: | |
|---|---|
| Formáid: | Leabhar |
| Teanga: | Undetermined |
| Foilsithe: |
London
Allen and Unwin for the Buddhist Society,
1971
|
| Ábhair: | |
| Clibeanna: |
Cuir Clib Leis
Gan Chlibeanna, Bí ar an gcéad duine leis an taifead seo a chlibeáil!
|
| Thư viện lưu trữ: | Trung tâm Học liệu Trường Đại học Cần Thơ |
|---|
| LEADER | 00823nam a2200205Ia 4500 | ||
|---|---|---|---|
| 001 | CTU_108820 | ||
| 008 | 210402s9999 xx 000 0 und d | ||
| 082 | |a 294.3927 | ||
| 082 | |b H927 | ||
| 100 | |a Humphreys, Christmas | ||
| 245 | 2 | |a A western approach to Zen : | |
| 245 | 3 | |b an enquiry. | |
| 245 | 0 | |c Christmas Humphreys | |
| 260 | |a London | ||
| 260 | |b Allen and Unwin for the Buddhist Society, | ||
| 260 | |c 1971 | ||
| 520 | |a The major part of this work has been compiled from notes of a course carried out in the Zen Class of the Buddhist Society. The course was first held from september 1969 to March 1970, and then, more fully and based upon a written syllabus, from septmber 1970 to March 1971,... | ||
| 650 | |a Zen buddhism. | ||
| 904 | |i Năm | ||
| 980 | |a Trung tâm Học liệu Trường Đại học Cần Thơ | ||